00579nam a2200193 a 450000100060000000300090000600500170001500800410003203500140007304000180008704100080010508200270011310000240014024500840016426000420024830000350029050000410032565000190036677767BD-RjUL 20211209083023.0210108s1944 eng b 001 0 eng d a(BD-RjUL) aDLCcDLCbeng aeng 223a636.2142bECD 19441 aEckles, Clarence H.10aDairy farming /cby Clarence H. Eckles , Ernest L. Anthony, and Leroy S. Palmer aUnited State :bThe Macmillian,c1944 aviii, 329 p. :bill. ;c22 cm. aIncludes bibliographies and indexes. aDairy farming.